000 00781nam a22002657a 4500
001 BR7604678
003 BR-BrBNA
005 20230928085128.0
007 ta
008 230509b bl.||||| |||| 00| 0 por d
040 _aBR-BrBNA
_bpor
_cBiblioteca Nacional de Agricultura
041 _a(Por)
072 _aF01
_b/G514
090 _ F01 BR7604678
110 1 _aComissao Estadual de Planejamento Agricola de Rondonia, Porto Velho (Brasil)
_92033
245 1 _aQuestionarios de coeficientes por cultura em Rondonia: ano agricola - 1976/77
260 3 _aPorto Velho, RO (Brasil):
_c1976.
300 _a153 p.
500 _aPublished 1976?
650 _aPRODUTO AGRICOLA
650 _aPLANTIO
650 _aRONDONIA
909 _a202309
_bLucia
_c55
_dLucia Elande
942 _cBK
999 _c22936
_d22936